00341nam a2200145Ia 4500008004100000082001700041100002000058245001700078250000800095260002500103300001100128500002400139650001500163700001700178230524s9999 xx 000 0 und d a572.193bKUC aPhilip W.Kuchel 0aBiochemistry a2ND aNEW DELHIbTMHc2003 aXI;539 aQuantity Number: 4 aBiomedical a G.B.Ralston